000 01583nam a22002777a 4500
999 _c311008
_d311008
001 24726
003 UA-OsUOA
005 20230504161213.0
007 ta
008 20040301b un ||||| |||| 00| 0 ukr d
020 _a966-8251-01-6
040 _aUA-OsUOA
_bukr
_cUA-OsUOA
_dUA-OsUOA
041 _aukr
044 _aUA
080 _a658.14(477)(075.8)
090 _a658.14(477)(075.8)
_bЗ-99
100 _aЗятковський І. В.
245 _aФінанси підприємств
_bнавчальний посібник
260 _aКиїв
_bКондор
_c2003
300 _a364 с.
520 _aУ навчальному посібнику узагальнено теоретичний і практичний досвід у сфері фінансів промислових підприємств. Висвітлюються питання формування основного й обігового капіталу, грошових надходжень, прибутку, оподаткування, інвестицій, фінансового планування. Наводяться цифрові приклади і розрахунки. Для студентів економічних спеціальностей вищих навчальних закладів освіти, слухачів інститутів післядипломної освіти та економістів-практиків.
650 7 _2UDC
942 _cBK
_2udc
955 _a0